Sports Geographical Misnomers Quiz Stats

 Plays Quiz Updated May 11, 2018

Challenge
Share
Tweet
Embed
Score 0/10 Timer 05:00
1 Play Today
Team % Correct
New York Giants
89.6%
New York Jets
89.1%
Dallas Cowboys
48.3%
San Francisco 49ers
45.4%
Washington Redskins
44%
Los Angeles Angels
41.3%
Los Angeles Chargers
31.5%
Miami Dolphins
30.8%
Buffalo Bills
29%
Atlanta Braves
26%

You're not logged in!

Compare scores with friends on all Sporcle quizzes.
Join for Free
OR
Log In

You Might Also Like...

Show Comments

Extras

Top Quizzes Today


Score Distribution

Your Account Isn't Verified!

In order to create a playlist on Sporcle, you need to verify the email address you used during registration. Go to your Sporcle Settings to finish the process.

Report this User

Report this user for behavior that violates our Community Guidelines.

Details: